| 000 -CABECERA |
| Longitud fija campo de control |
00915nam a22002537a 4500 |
| 001 - NÚMERO DE CONTROL |
| Número de control |
991048830279706706 |
| 003 - IDENTIFICADOR DEL NÚMERO DE CONTROL |
| Identificador del número de control |
OSt |
| 005 - FECHA Y HORA DE LA ÚLTIMA TRANSACCIÓN |
| Fecha y hora de la última transacción |
20230419120905.0 |
| 008 - CÓDIGOS DE INFORMACIÓN DE LONGITUD FIJA |
| Códigos de información de longitud fija |
940309s1965 sp |||||| |000 ||spa|c |
| 035 ## - NÚMERO DE CONTROL DEL SISTEMA |
| Número de control del sistema |
(ES-BaCBU).b5436873x |
| 035 ## - NÚMERO DE CONTROL DEL SISTEMA |
| Número de control del sistema |
(OCoLC)865307789 |
| 040 ## - FUENTE DE LA CATALOGACIÓN |
| Centro catalogador de origen |
ES-BaCBU |
| Lengua de catalogación |
cat |
| Centro transcriptor |
CDMR |
| 080 ## - NÚMERO DE LA CLASIFICACIÓN DECIMAL UNIVERSAL |
| Número de la Clasificación Decimal Universal |
070.13 |
| 100 1# - PUNTO DE ACCESO PRINCIPAL-NOMBRE DE PERSONA |
| Nombre de persona |
Maduell, Àlvar |
| 9 (RLIN) |
213 |
| 245 13 - MENCIÓN DE TÍTULO |
| Título |
La Prensa según Arias-Salgado : |
| Resto del título |
doctrina y crítica filosóficas / |
| Mención de responsabilidad, etc. |
auctore Alvaro Maduell a Barcelona |
| 260 ## - PUBLICACIÓN, DISTRIBUCIÓN, ETC. (PIE DE IMPRENTA) |
| Lugar de publicación, distribución, etc. |
Barcelona : |
| Nombre del editor, distribuidor, etc. |
Estudios Franciscanos, |
| Fecha de publicación, distribución, etc. |
1965 |
| 300 ## - DESCRIPCIÓN FÍSICA |
| Extensión |
60 p. ; |
| Otras características físicas |
24 cm |
| 500 ## - NOTA GENERAL |
| Nota general |
"Excerpta ex dissertatione ad Lauream in Facultate Philosophica Pontificiae Universitatis Gregorianae" |
| 600 10 - PUNTO DE ACCESO ADICIONAL DE MATERIA - NOMBRE DE PERSONA |
| 9 (RLIN) |
2300 |
| Nombre de persona |
Arias Salgado, Gabriel |
| 650 #0 - PUNTO DE ACCESO ADICIONAL DE MATERIA - TÉRMINO DE MATERIA |
| 9 (RLIN) |
1582 |
| Término de materia o nombre geográfico como elemento inicial |
Llibertat d'impremta |
| 907 ## - ELEMENTO G DATOS LOCALES, GDL (RLIN) |
| a |
.b5436873x |
| b |
25-02-21 |
| c |
06-02-13 |
| d |
06-02-13 |
| e |
m |
| f |
a |
| g |
- |
| h |
spa |
| i |
sp |
| j |
3 |
| k |
3 |
| 908 ## - CONTROL DE PARÁMETROS (RLIN) |
| Parametro de comando lanzado |
BPC |
| -- |
BMON |
| -- |
URV |
| -- |
BC |
| -- |
BPEB |
| 942 ## - ENTRADA DE ELEMENTOS AGREGADOS (KOHA) |
| Fuente de clasificaión o esquema |
|
| Koha [por defecto] tipo de item |
Fullets |